| 000 | 01205nam a2200253Ia 4500 | ||
|---|---|---|---|
| 003 | OSt | ||
| 005 | 20221005111618.0 | ||
| 006 | a|||||r|||| 00| 0 | ||
| 007 | ta | ||
| 008 | 221004b |||||||| |||| 00| 0 hin d | ||
| 020 |
_a9789384767358 (hbk) _cINR 1499.00 |
||
| 024 | _a29514 | ||
| 037 |
_b295, 08/03/2017, Eastern Book Linkers _cTextual |
||
| 040 |
_aCRL _cCRL _bhin |
||
| 041 |
_2hin _ahin |
||
| 082 | _aR65,6, 156Q6 | ||
| 100 |
_aशर्मा, विद्यानन्द प्रसाद, ले. _9624215 |
||
| 245 | 0 | _aश्रीमद्भागवत में रासपंचाध्यायीः चतुःश्लोकी भागवत एवं पद्यात्मक अनुक्रमिका सहित | |
| 246 | _aShrīmadbhāgavat mean rāsapanchādhyāyīah chatuahshlokī bhāgavat evan padyātmak anukramikā sahita | ||
| 260 |
_aपटना _bजानकी प्रकाशन भारत _c2016 |
||
| 300 |
_a517पृ0 _ccm. |
||
| 942 |
_hR65,6, 156Q6 _cTEXL _2cc |
||
| 999 |
_c1022353 _d1022353 |
||